Home Print Resources E-Books E-Journals IIMT Lecture Series Library Membership Form Book Recommendation Form Campus Tour Take AdmissionAbout Us Contact Us

ORGANIC CHEMISTRY (Record no. 58585)

000 -LEADER
fixed length control field 00332nam a22001457a 4500
008 - FIXED-LENGTH DATA ELEMENTS--GENERAL INFORMATION
fixed length control field 240312b |||||||| |||| 00| 0 eng d
020 ## - ISBN
International Standard Book Number 9788131704813
040 ## - CATALOGING SOURCE
Original cataloging agency IIMT University College of Medical Sciences
082 ## - DDC NUMBER
Classification number 620.5(MOR)
100 ## - MAIN ENTRY--PERSONAL NAME
Personal name MORRISON,ROBERT THORNTON AND BOYD
245 ## - TITLE STATEMENT
Title ORGANIC CHEMISTRY
260 ## - PUBLICATION, DISTRIBUTION, ETC. (IMPRINT)
Name of publisher, distributor, etc PEARSON
300 ## - PHYSICAL DESCRIPTION
Pages 1472
942 ## - ADDED ENTRY ELEMENTS (KOHA)
Koha item type Book Bank
952 ## - LOCATION AND ITEM INFORMATION (KOHA)
-- 2026-01-30
-- 2024-03-12
952 ## - LOCATION AND ITEM INFORMATION (KOHA)
-- 2025-12-01
-- 2024-03-12
952 ## - LOCATION AND ITEM INFORMATION (KOHA)
-- 2024-09-09
-- 2024-03-12
952 ## - LOCATION AND ITEM INFORMATION (KOHA)
-- 2024-09-09
-- 2024-03-12
952 ## - LOCATION AND ITEM INFORMATION (KOHA)
-- 2024-09-09
-- 2024-03-12
Holdings
Withdrawn status Lost status Source of classification or shelving scheme Damaged status Not for loan Location (home branch) Sublocation or collection (holding branch) Date acquired Source of Acquisition Cost Normal purchase price Koha issues (times borrowed) Koha full call number Accession No. Koha date last seen Koha item type
          IIMT University College of Medical Sciences IIMT University College of Medical Sciences 03/12/2024 ARISTA 1130.00 3 620.5(MOR) 02-B-14163 05/09/2026 Book Bank
          IIMT University College of Medical Sciences IIMT University College of Medical Sciences 03/12/2024 ARISTA 1130.00 2 620.5(MOR) 02-B-14164 01/17/2026 Book Bank
          IIMT University College of Medical Sciences IIMT University College of Medical Sciences 03/12/2024 ARISTA 1130.00 1 620.5(MOR) 02-B-14165 02/13/2025 Book Bank
          IIMT University College of Medical Sciences IIMT University College of Medical Sciences 03/12/2024 ARISTA 1130.00 1 620.5(MOR) 02-B-14166 02/03/2025 Book Bank
          IIMT University College of Medical Sciences IIMT University College of Medical Sciences 03/12/2024 ARISTA 1130.00 1 620.5(MOR) 02-B-14167 02/11/2025 Book Bank
IIMT, Central Library. All Rights Reserved IIMT,UNIVERSITY © 2023
Implemented and Customised by I CLOUDE EMS
You Are OPAC Visitor No
free web counter

Powered by Koha